01608nam a2200241 a 4500001001000000005001700010008004100027041000800068044000700076084002000083100004500103245009500148260004100243300002400284440008000308500026400388500038000652500018101032500001001213700005101223700004201274740005001316BRCA_273620190320203939.0041208s1898----sp-a---###---#000-0#spa-u aspa asp a232b.O45c18981 aCervantes Saavedra, Miguel ded1547-161610aEl Ingenioso Hidalgo Don Quijote de la Manchaccompuesto por Miguel de Cervantes Saavedra. aBarcelonabD. Juan de Oliveresc1898 a282 p.bil.c32 cm. 0aMuseo excelsior : colección de las mejores obras literarias y pintorescas aContenido : Primera parte. Advertencia del editor. Dedicatoria del autor. Prólogo del autor. Versos preliminares. Texto. Segunda parte. Dedicatoria del autor. Prólogo del autor. Texto. El Buscapié con su prólogo y aprobaciones por D. Adolfo de Castro. aEsta edición contiene, además del texto y preliminares, El Buscapié de A. de Castro. Las láminas son copias de las de T. Johannot. Forma parte del Museo Excelsior : Colección de las Mejores Obras Literarias y Pintorescas. Bella edición, tanto por su parte literaria como por la tipográfica. Semipiel; lomo y planos decorados con adornos dorados Lúdovik Osterc aEstado físico : Lomo y cubierta parcialmente desprendidas y primeras hojas rotas de la parte superior izquierda. El Buscapié se encuentra desprendido de la encuadernación aQM2211 aCastro y Rossi, Adolfo ded1823-1898eAnotador1 aJohannot, Tonyd1803-1872eIlustrador0 aEl Ingenioso Hidalgo Don Quijote de la Mancha